[Event "Titled Tue 10th Jun Early"]
[Site "chess.com INT"]
[Date "2025.06.10"]
[Round "3"]
[White "Demchenko, Yaroslav"]
[Black "Amangeldy, Ernur"]
[Result "1-0"]
[WhiteTitle "CM"]
[BlackTitle "FM"]
[WhiteElo "2263"]
[BlackElo "2235"]
[WhiteFideId "14186667"]
[BlackFideId "13720244"]
[EventDate "2025.06.10"]

1. e4 Nf6 2. e5 Nd5 3. d4 d6 4. Bc4 Nb6 5. Bb3 Bf5 6. Nf3 e6 7. O-O dxe5 8. Nxe5
N8d7 9. Bf4 Be7 10. c3 O-O 11. Nd2 a5 12. Bc2 Bxc2 13. Qxc2 c5 14. Nxd7 Qxd7 15.
dxc5 Bxc5 16. Ne4 Be7 17. Rfd1 Qc6 18. Bd6 Bxd6 19. Rxd6 Qc7 20. Rad1 Rad8 21.
Rxd8 Rxd8 22. Rxd8+ Qxd8 23. Qd2 Qe8 24. Qd4 Nc8 25. Nd6 Nxd6 26. Qxd6 a4 27. b3
axb3 28. axb3 h6 29. h3 Qa8 30. c4 Kh7 31. Kh2 Qa2 32. Qd3+ Kg8 33. Qd8+ Kh7 34.
Qd3+ f5 35. b4 Qxf2 36. Qd6 Qe3 37. c5 f4 38. Qd1 e5 39. Qc2+ e4 40. b5 f3 41.
gxf3 Qf4+ 42. Kg1 Qg3+ 43. Kf1 Qxf3+ 44. Ke1 Qe3+ 45. Kd1 Qd4+ 46. Ke2 Qd5 47.
Ke3 Kh8 48. c6 Qg5+ 49. Kd4 Qxb5 50. c7 Qd7+ 51. Kxe4 Qc8 52. Kd5 b5 53. Kd6 b4
54. Qb3 Kh7 55. Qd3+ Kh8 56. Kc6 Qa8+ 57. Kd7 Qb7 58. Kd8 Qb6 59. Qd7 b3 60. Ke8
b2 61. c8=Q b1=Q 62. Kf7+ Kh7 63. Qg8# 1-0

[Event "Titled Tue 10th Jun Early"]
[Site "chess.com INT"]
[Date "2025.06.10"]
[Round "3"]
[White "Villarreal, Agustin"]
[Black "Ivashentseva, Dominika"]
[Result "1/2-1/2"]
[WhiteTitle "FM"]
[BlackTitle "WCM"]
[WhiteElo "2298"]
[BlackElo "1969"]
[WhiteFideId "125687"]
[BlackFideId "34331050"]
[EventDate "2025.06.10"]

1. Nf3 d5 2. b3 Nf6 3. Bb2 e6 4. g3 Be7 5. Bg2 O-O 6. O-O c5 7. c4 Nc6 8. cxd5
exd5 9. d4 cxd4 10. Nxd4 Be6 11. Nc3 Rc8 12. Rc1 Nxd4 13. Qxd4 Bc5 14. Qh4 d4
15. Nb5 a6 16. Nxd4 Bxd4 17. Bxd4 Rxc1 18. Rxc1 Qe7 19. Bxf6 gxf6 20. Be4 h6 21.
Qxh6 f5 22. Bf3 Qa3 23. Qg5+ Kh7 24. Rc7 Qxa2 25. h4 Qa1+ 26. Kh2 Qg7 27. Qe7
Bxb3 28. Rxb7 Be6 29. Ra7 f4 30. gxf4 Rg8 31. Qg5 Qd4 32. Qh5+ Kg7 33. Qe5+ Qxe5
34. fxe5 Bc4 35. Bg4 Kh6 36. Kh3 Re8 37. f4 Rb8 38. Bf3 Rb2 39. f5 Bxe2 40. Bxe2
Rxe2 41. Rxa6+ Kh5 42. e6 fxe6 43. Rxe6 Rf2 44. f6 Kg6 45. Kg4 Rxf6 46. h5+ Kg7
47. Re7+ Rf7 48. h6+ Kg8 49. Re8+ Kh7 50. Kg5 Ra7 51. Re5 Rb7 52. Rf5 Ra7 53.
Re5 Rb7 54. Ra5 Rc7 55. Kh5 Rb7 56. Rg5 Ra7 57. Rc5 Rb7 58. Ra5 Rc7 59. Kg5 Rb7
60. Rc5 Ra7 61. Rb5 Rc7 62. Rb2 Ra7 63. Rh2 Ra5+ 64. Kf6 Ra6+ 65. Kg5 Ra5+ 66.
Kg4 Ra4+ 67. Kh5 Ra5+ 68. Kg4 1/2-1/2

[Event "Titled Tue 10th Jun Early"]
[Site "chess.com INT"]
[Date "2025.06.10"]
[Round "3"]
[White "Jval Saurin Patel"]
[Black "Martinez Alcantara, Jose Eduardo"]
[Result "1-0"]
[WhiteTitle "FM"]
[BlackTitle "GM"]
[WhiteElo "2331"]
[BlackElo "2611"]
[WhiteFideId "25968343"]
[BlackFideId "3805662"]
[EventDate "2025.06.10"]

1. d4 Nf6 2. c4 e6 3. Nc3 d5 4. cxd5 exd5 5. Bg5 Be6 6. Qc2 Nbd7 7. e3 c6 8. Bd3
Bd6 9. Nge2 O-O 10. Bxh7+ Kh8 11. Bd3 Re8 12. h3 Kg8 13. O-O a5 14. f4 Nf8 15.
Ng3 Bd7 16. Rae1 Be7 17. Qf2 N6h7 18. Bxe7 Rxe7 19. Kh2 Nf6 20. Qf3 Qb6 21. Re2
Rae8 22. Na4 Qc7 23. Nc5 Bc8 24. Bf5 b6 25. Nd3 Ba6 26. Rc2 g6 27. Ne5 Bxf1 28.
Rxc6 Qxc6 29. Nxc6 Rc7 30. Ne5 Ba6 31. Bd3 Bxd3 32. Nxd3 N8h7 33. f5 g5 34. Ne5
Rce7 35. e4 Rxe5 36. dxe5 Rxe5 37. Qc3 Re8 38. e5 Nd7 39. Qc6 Nhf8 40. e6 fxe6
41. fxe6 Rxe6 42. Qxd5 g4 43. h4 Nf6 44. Qg5+ Kf7 45. Nh5 N8d7 46. Nf4 Re5 47.
Qg6+ Ke7 48. h5 Kd6 49. h6 Re7 50. Nh5 Re6 51. Ng7 Re5 52. h7 g3+ 53. Kxg3 Re3+
54. Kh2 Kc7 55. h8=Q Ne5 56. Ne6+ Kd6 57. Qhxf6 Ng4+ 58. Qxg4 Rh3+ 59. Qxh3 Kc6
60. Qhc3+ Kb5 61. Qf5+ Ka4 62. Qb3# 1-0

[Event "Titled Tue 10th Jun Early"]
[Site "chess.com INT"]
[Date "2025.06.10"]
[Round "3"]
[White "Goh, Zi Han"]
[Black "Shubenkova, Veronika"]
[Result "1/2-1/2"]
[WhiteTitle "FM"]
[BlackTitle "WFM"]
[WhiteElo "2275"]
[BlackElo "2031"]
[WhiteFideId "5819156"]
[BlackFideId "44124040"]
[EventDate "2025.06.10"]

1. d4 d5 2. c4 e6 3. Nf3 f5 4. Nc3 Nf6 5. Qc2 c6 6. g3 Bd6 7. Bg2 O-O 8. O-O Ne4
9. Ne1 Nd7 10. f3 Nxc3 11. Qxc3 f4 12. gxf4 Bxf4 13. Bxf4 Rxf4 14. Nd3 Rh4 15.
f4 Nf6 16. Ne5 Bd7 17. Kh1 Be8 18. Qg3 Nh5 19. Qe3 Nf6 20. Rf3 Rh6 21. Rg3 Nh5
22. Rg4 Qf6 23. Rf1 g6 24. cxd5 exd5 25. f5 g5 26. Qxg5+ Ng7 27. Bf3 Kh8 28.
Qxf6 Rxf6 29. Rfg1 Bh5 30. Rxg7 Bxf3+ 31. exf3 Raf8 32. h4 Rxf5 33. Kh2 c5 34.
R1g5 cxd4 35. Rxf5 Rxf5 36. Re7 d3 37. Nxd3 Rxf3 38. Ne5 Rf2+ 39. Kg3 Rxb2 40.
Ng4 Kg8 41. Nf6+ Kf8 42. Rxh7 Rxa2 43. Rxb7 d4 44. Rd7 Ra4 45. h5 Ra6 46. Ng4
Ra3+ 47. Kh4 d3 48. h6 a5 49. h7 Ke8 50. h8=Q+ Kxd7 51. Qd4+ Kc6 52. Ne5+ Kb7
53. Qd7+ Ka8 54. Qe8+ Kb7 55. Qe7+ Kb6 56. Qxa3 d2 57. Qb2+ Kc5 58. Qxd2 a4 59.
Qa2 a3 60. Qb2 axb2 61. Nd3+ Kc4 62. Nxb2+ 1/2-1/2

[Event "Titled Tue 10th Jun Early"]
[Site "chess.com INT"]
[Date "2025.06.10"]
[Round "3"]
[White "Belov, Alexei"]
[Black "Reprintsev, Alexander"]
[Result "1/2-1/2"]
[WhiteTitle "IM"]
[BlackTitle "IM"]
[WhiteElo "2421"]
[BlackElo "2256"]
[WhiteFideId "4128206"]
[BlackFideId "14100541"]
[EventDate "2025.06.10"]

1. e4 d5 2. exd5 Qxd5 3. Nc3 Qa5 4. Nf3 Nf6 5. d4 Nc6 6. d5 Nb4 7. Bd2 a6 8. a3
Nbxd5 9. Bb5+ axb5 10. Nxd5 b4 11. Nxf6+ exf6 12. O-O Be6 13. Nd4 Bd6 14. Nxe6
fxe6 15. axb4 Qxa1 16. Qxa1 Rxa1 17. Rxa1 Kd7 18. Kf1 b5 19. Ke2 Kc6 20. b3 Rb8
21. Ra7 h5 22. h3 g5 23. g4 hxg4 24. hxg4 Rh8 25. Bc3 Rh4 26. Bxf6 Rxg4 27. c3
Re4+ 28. Kd3 Rf4 29. Bd4 Rf3+ 30. Ke2 g4 31. Ra6+ Kd5 32. Ra5 c6 33. Be3 Rf5 34.
c4+ Ke4 35. Ra6 bxc4 36. bxc4 Bxb4 37. Rxc6 Ke5 38. c5 Rf8 39. Rb6 Ba3 40. Rb3
Ra8 41. Kd3 Kd5 42. Rc3 Bb4 43. Rb3 Be1 44. Rb6 Ra3+ 45. Ke2 Bc3 46. Rd6+ Ke5
47. Rd3 Ra2+ 48. Kf1 Bb4 49. Kg2 Rc2 50. Kg3 Rc4 51. Rd1 Kf5 52. Re1 Bxc5 53.
Bxc5 Rxc5 54. Re3 Rc4 55. Rd3 e5 56. Re3 Rd4 57. f3 gxf3 58. Kxf3 e4+ 59. Ke2
Kf4 60. Rh3 Rd3 61. Rh4+ Ke5 62. Rh5+ Kd4 63. Rh8 Re3+ 64. Kd2 Rd3+ 65. Ke2 Ra3
66. Rd8+ Ke5 67. Re8+ Kd4 68. Rd8+ Ke5 69. Re8+ Kd4 70. Rd8+ 1/2-1/2

[Event "Titled Tue 10th Jun Early"]
[Site "chess.com INT"]
[Date "2025.06.10"]
[Round "3"]
[White "Mompel Ferruz, Xavier"]
[Black "Buyankhishig, Batpelden"]
[Result "1-0"]
[WhiteTitle "FM"]
[BlackTitle "WFM"]
[WhiteElo "2342"]
[BlackElo "2015"]
[WhiteFideId "54585775"]
[BlackFideId "4923537"]
[EventDate "2025.06.10"]

1. e4 e5 2. Nf3 Nc6 3. Bb5 a6 4. Ba4 Nf6 5. O-O Be7 6. d3 b5 7. Bb3 d6 8. c3 O-O
9. h3 Bb7 10. Re1 Re8 11. Nbd2 Bf8 12. Nf1 g6 13. Bg5 h6 14. Bh4 g5 15. Bg3 a5
16. Ne3 a4 17. Bc2 Ne7 18. Nh2 Bg7 19. Nhg4 Nxg4 20. hxg4 c5 21. Qf3 Qd7 22.
Rad1 a3 23. b3 b4 24. c4 Qe6 25. Kf1 Qf6 26. Qe2 Nc6 27. Nd5 Qd8 28. Qd2 Nd4 29.
Ne3 Bc8 30. f3 Be6 31. Kf2 Qf6 32. Rh1 Kf8 33. Nf5 Bxf5 34. gxf5 Ke7 35. Rh5 Kd7
36. Bh2 Kc7 37. Rg1 Rh8 38. g3 Rag8 39. Bd1 Bf8 40. Qe3 Be7 41. Rg2 g4 42. f4
exf4 43. gxf4 Nc6 44. Bg3 Qd4 45. Qxd4 Nxd4 46. e5 dxe5 47. fxe5 Kb6 48. Bf4 Bg5
49. Rxg4 Nxf5 50. Bxg5 hxg5 51. Rxh8 Rxh8 52. Rxg5 Nd4 53. Rg2 Re8 54. Rg5 Rh8
55. Bf3 Rh2+ 56. Bg2 Ne6 57. Rf5 Nd4 58. Rxf7 1-0

[Event "Titled Tue 10th Jun Early"]
[Site "chess.com INT"]
[Date "2025.06.10"]
[Round "3"]
[White "Sahbudak, Baris Cinar"]
[Black "Suleimen, Ergali"]
[Result "1-0"]
[WhiteTitle "CM"]
[BlackTitle "FM"]
[WhiteElo "2072"]
[BlackElo "2302"]
[WhiteFideId "26351633"]
[BlackFideId "13724452"]
[EventDate "2025.06.10"]

1. e4 c5 2. Nc3 Nc6 3. f4 e6 4. Nf3 d5 5. exd5 exd5 6. Bb5 d4 7. Qe2+ Be7 8. Ne4
Kf8 9. Bxc6 bxc6 10. d3 Nf6 11. Nxf6 Bxf6 12. O-O Be6 13. b3 Bd5 14. Ne5 g6 15.
Ng4 Qe7 16. Qf2 Bh4 17. Qd2 h5 18. Ne5 Bf6 19. Nc4 h4 20. f5 h3 21. g3 Kg7 22.
Re1 Qc7 23. Qf2 Rae8 24. Bf4 Qd7 25. fxg6 fxg6 26. Rxe8 Rxe8 27. Re1 Rxe1+ 28.
Qxe1 Qg4 29. Nd2 g5 30. Bd6 Qf5 31. Qf2 Qe6 32. Bxc5 g4 33. Bxd4 Bxd4 34. Qxd4+
Kh7 35. Qf2 Bg2 36. Ne4 Bxe4 37. dxe4 Qxe4 38. Qf7+ Kh6 39. Qf6+ Kh5 40. Qf7+
Kg5 41. Qg7+ Kf5 42. Qf7+ Ke5 43. Qe7+ Kd5 44. c4+ Kd4 45. Qf6+ Kd3 46. Qf1+ Kc2
47. Qf2+ Kc3 48. Qf6+ Kb4 49. Qf8+ c5 50. Qf2 Qb1+ 51. Qf1 Qxa2 52. Qe1+ Kxb3
53. Qe3+ Kb4 54. Qe1+ Ka4 55. Qd1+ Qb3 56. Qd7+ Ka3 57. Qxg4 Qb1+ 58. Kf2 Qc2+
59. Qe2 Qf5+ 60. Qf3+ Qxf3+ 61. Kxf3 Kb4 62. g4 Kxc4 63. Ke4 a5 64. g5 a4 65. g6
a3 66. g7 a2 67. g8=Q+ Kc3 68. Qg7+ 1-0

[Event "Titled Tue 10th Jun Early"]
[Site "chess.com INT"]
[Date "2025.06.10"]
[Round "3"]
[White "Unver, Cumayi"]
[Black "Liu, Zhaoqi"]
[Result "0-1"]
[BlackTitle "IM"]
[WhiteElo "2012"]
[BlackElo "2400"]
[WhiteFideId "6304940"]
[BlackFideId "8609381"]
[EventDate "2025.06.10"]

1. d4 Nf6 2. Nc3 d5 3. Bf4 g6 4. Qd2 Bg7 5. Bh6 O-O 6. Bxg7 Kxg7 7. Nf3 c5 8. e3
Nc6 9. dxc5 Qa5 10. Nd4 Qxc5 11. Nxc6 bxc6 12. Qd4 Qd6 13. Be2 Bf5 14. Bd3 e5
15. Qh4 e4 16. Be2 Rab8 17. Rb1 Rfe8 18. g4 Be6 19. g5 Nd7 20. Qh6+ Kg8 21. h4
Qf8 22. Qxf8+ Kxf8 23. b4 Ne5 24. Kd2 Bg4 25. Bxg4 Nxg4 26. Ne2 Nxf2 27. Rhg1 c5
28. bxc5 Rxb1 29. Rxb1 Rc8 30. Rg1 Rxc5 31. Ke1 Nh3 32. Rg3 Rxc2 33. Rxh3 Rxa2
34. Rh2 a5 35. Rf2 Ra1+ 36. Kd2 a4 37. Nd4 Rh1 38. Rf4 Rh2+ 39. Kc1 Rh3 40. Nc2
Rh1+ 41. Kb2 Ke7 42. Rf6 Rxh4 43. Ra6 Rg4 44. Ra7+ Ke6 45. Ra6+ Ke7 46. Rf6 Rxg5
47. Ra6 h5 48. Rxa4 h4 49. Ra8 Rh5 50. Nd4 h3 51. Ra1 h2 52. Rh1 g5 53. Ne2 Rh3
54. Kc2 f5 55. Kd2 Kf6 56. Ke1 Ke5 57. Kf2 f4 58. exf4+ gxf4 59. Kg2 Rh8 60. Kf2
f3 61. Ng3 Kf4 0-1

[Event "Titled Tue 10th Jun Early"]
[Site "chess.com INT"]
[Date "2025.06.10"]
[Round "3"]
[White "Kotyk, Michael"]
[Black "Kosteniuk, Alexandra"]
[Result "0-1"]
[WhiteTitle "CM"]
[BlackTitle "GM"]
[WhiteElo "2241"]
[BlackElo "2474"]
[WhiteFideId "16214501"]
[BlackFideId "4128125"]
[EventDate "2025.06.10"]

1. d4 f5 2. Nc3 Nf6 3. Bf4 e6 4. f3 Bb4 5. Qd3 b6 6. a3 Ba6 7. Qd2 Bxc3 8. Qxc3
Nd5 9. Qd2 Nxf4 10. Qxf4 O-O 11. Nh3 d6 12. e4 Bxf1 13. Rxf1 Nc6 14. c3 e5 15.
Qd2 exd4 16. cxd4 fxe4 17. fxe4 Rxf1+ 18. Kxf1 Qf6+ 19. Kg1 Qxd4+ 20. Qxd4 Nxd4
21. Nf4 Re8 22. Nd5 c6 23. Nc3 a5 24. Rd1 c5 25. Kf2 b5 26. Ke3 g6 27. Nd5 Kg7
28. Kd3 Rf8 29. Rd2 Rf1 30. Ne3 Re1 31. Rf2 Nc6 32. Kd2 Rb1 33. Kc2 Rh1 34. h3
a4 35. Nd5 Nd4+ 36. Kd3 Rd1+ 37. Kc3 Re1 38. Kd3 Nc6 39. Rf4 Ne5+ 40. Kd2 Rg1
41. Rf2 c4 42. Kc3 Nd3 43. Re2 Rc1+ 44. Kd4 Rg1 45. Nc3 Nf4 46. Rf2 Nxg2 47.
Nxb5 Rd1+ 48. Kxc4 Ne3+ 49. Kb4 Rd3 50. Kxa4 Nc4 51. Nc3 Rxh3 52. Kb3 Ne5 53.
Rd2 Rd3 54. Rh2 g5 55. a4 g4 56. Rg2 h5 57. a5 h4 58. Kc2 Re3 59. a6 h3 60. a7
hxg2 61. a8=Q g1=Q 62. Qb7+ Kg6 63. Qd5 Qf2+ 64. Kb3 Qf7 65. Kb4 Qxd5 66. Nxd5
Rf3 67. Kb5 g3 68. b4 g2 69. Kb6 g1=Q+ 70. Kc7 Qc1+ 71. Kxd6 Nc4+ 72. Kd7 Ne3
73. b5 Nxd5 74. exd5 Rd3 75. Ke6 Qc4 76. b6 Qxd5+ 77. Ke7 Qd7+ 78. Kf8 Qf7# 0-1

[Event "Titled Tue 10th Jun Early"]
[Site "chess.com INT"]
[Date "2025.06.10"]
[Round "3"]
[White "Dogan, Umut Anil"]
[Black "Torres Rebolledo, Alvaro"]
[Result "1/2-1/2"]
[WhiteTitle "CM"]
[BlackTitle "FM"]
[WhiteElo "2060"]
[BlackElo "2318"]
[WhiteFideId "51618060"]
[BlackFideId "54587670"]
[EventDate "2025.06.10"]

1. Nf3 g6 2. d4 Bg7 3. e4 c6 4. c3 d5 5. Nbd2 dxe4 6. Nxe4 Nf6 7. Bd3 O-O 8. O-O
Nxe4 9. Bxe4 Nd7 10. h3 e5 11. dxe5 Nxe5 12. Nxe5 Bxe5 13. Qb3 Qb6 14. Qa3 Be6
15. Be3 Qc7 16. Rfe1 Bg7 17. Bc5 Rfd8 18. Rad1 a6 19. Be7 Rxd1 20. Rxd1 Re8 21.
Bd6 Qc8 22. Bf3 Rd8 23. Re1 Re8 24. Bc5 Bd5 25. Rxe8+ Qxe8 26. Bxd5 Qe1+ 27. Kh2
Qe5+ 28. Kg1 Qe1+ 29. Kh2 Qe5+ 30. g3 Qxd5 31. Be3 h5 32. Qb4 Qd7 33. a4 b5 34.
a5 Kh7 35. h4 Bh6 36. Bd4 Bg7 37. Be3 Bh6 38. Qe4 Bxe3 39. Qxe3 Qf5 40. b4 Kg8
41. Qd4 Qf3 42. Kg1 Kh7 43. Qd7 Qxc3 44. Qxf7+ Kh6 45. Qf8+ Kh7 46. Qe7+ Kh6 47.
Qd6 Qe1+ 48. Kg2 Qe4+ 49. Kh2 Qf3 50. Qc5 Kh7 51. Kg1 Qd1+ 52. Kg2 Qd7 53. Qe3
Kg7 54. Qc3+ Kh7 55. f3 Qd5 56. Kf2 Qe6 57. Qd4 Qa2+ 58. Ke3 Qb3+ 59. Kf4 Qf7+
60. Ke4 Qe6+ 61. Kd3 Qb3+ 62. Qc3 Qd1+ 63. Ke3 Qd5 64. Qd4 Qb3+ 65. Kf4 Qf7+ 66.
Ke4 Qe6+ 67. Kf4 Qf7+ 1/2-1/2

[Event "Titled Tue 10th Jun Early"]
[Site "chess.com INT"]
[Date "2025.06.10"]
[Round "3"]
[White "Henriquez Villagra, Cristobal"]
[Black "Sadubayev, Airat"]
[Result "0-1"]
[WhiteTitle "GM"]
[BlackTitle "FM"]
[WhiteElo "2597"]
[BlackElo "2211"]
[WhiteFideId "3409350"]
[BlackFideId "13713264"]
[EventDate "2025.06.10"]

1. e4 c6 2. Nf3 d5 3. d3 Qc7 4. exd5 cxd5 5. c4 Nf6 6. Nc3 e6 7. Be2 Be7 8. O-O
O-O 9. Bg5 Rd8 10. cxd5 Nxd5 11. Rc1 Nc6 12. Qd2 Bxg5 13. Qxg5 Qf4 14. Nxd5 Qxg5
15. Nxg5 Rxd5 16. f4 Bd7 17. Rc3 Nd4 18. Kf2 Bc6 19. Nf3 Nxe2 20. Kxe2 f6 21.
Rfc1 Rad8 22. Ne1 e5 23. fxe5 Rxe5+ 24. Kf2 h5 25. R3c2 h4 26. h3 g5 27. Rd2
Red5 28. Rcd1 Rd4 29. Nc2 Rf4+ 30. Kg1 g4 31. hxg4 Rxg4 32. Kh2 Kf7 33. Ne3 Rg5
34. Rf1 Kg6 35. Rdf2 Rd6 36. Rf4 a5 37. d4 Re6 38. Nf5 Rxg2+ 39. Kh3 Rxb2 40.
Nxh4+ Kf7 41. Kg4 Rxa2 42. Rf5 Bd7 43. Kh5 Rd6 44. R5f4 Rh2 45. Rg1 Rd5+ 46. Kh6
Rf5 47. Rg7+ Ke8 48. Rg8+ Ke7 49. Re4+ Kd6 50. Rge8 Rg5 51. R8e7 a4 52. Rf7 Rf5
53. Kg6 Rg5+ 54. Kxf6 Rf2+ 55. Kxg5 Rxf7 56. Re3 b5 57. Ng6 b4 58. Ne5 Rg7+ 59.
Kf6 Rh7 60. Nf7+ Rxf7+ 61. Kxf7 b3 0-1

[Event "Titled Tue 10th Jun Early"]
[Site "chess.com INT"]
[Date "2025.06.10"]
[Round "3"]
[White "Guerrero Cataldo, Juan Andres"]
[Black "Ghoreishi Amiri, Seyed Kian"]
[Result "1-0"]
[WhiteTitle "CM"]
[BlackTitle "CM"]
[WhiteElo "2082"]
[BlackElo "2216"]
[WhiteFideId "3421260"]
[BlackFideId "36757527"]
[EventDate "2025.06.10"]

1. e4 c6 2. d3 d5 3. Nd2 g6 4. Ngf3 Bg7 5. Be2 e5 6. O-O Ne7 7. c3 O-O 8. a4 a5
9. Qc2 f5 10. Re1 Nd7 11. Bf1 f4 12. d4 exd4 13. cxd4 dxe4 14. Nxe4 Nd5 15. Neg5
N7f6 16. Bc4 Bf5 17. Qb3 Qd7 18. Ne5 Qc8 19. Bxf4 h6 20. Ngf3 Kh7 21. Bg3 Nb4
22. Rac1 Qd8 23. Nd3 Nxd3 24. Bxd3 Bxd3 25. Qxd3 Nd5 26. Ne5 Bxe5 27. Rxe5 Qd7
28. Rce1 Rae8 29. h4 Rxe5 30. Rxe5 Rf5 31. h5 Qf7 32. hxg6+ Kxg6 33. Bh4 h5 34.
f3 Nf4 35. Qe4 Qd7 36. Kh2 c5 37. g4 hxg4 38. fxg4 cxd4 39. Qxf5+ Qxf5 40. Rxf5
Ne2 41. Rf6+ Kg7 42. Rd6 Kf7 43. Kg2 d3 44. Kf3 Nc1 45. Bg5 Nb3 46. Rxd3 Nc5 47.
Rd5 Nxa4 48. Rd7+ Kg6 49. Rxb7 Kxg5 50. b3 Nc3 51. Rc7 Nb1 52. Rc5+ Kg6 53. Rxa5
Nd2+ 54. Kf4 Nxb3 55. Ra6+ Kg7 56. Kg5 Nc5 57. Ra7+ Kg8 58. Kg6 Kf8 59. g5 Ne4
60. Kh6 Ng3 61. g6 Nf5+ 62. Kh7 Ke8 63. Rf7 Nd6 64. Ra7 Nf5 65. g7 Ne7 66. Rxe7+ 1-0

[Event "Titled Tue 10th Jun Early"]
[Site "chess.com INT"]
[Date "2025.06.10"]
[Round "3"]
[White "Caruana, Fabiano"]
[Black "Molina, Roberto Junio Brito"]
[Result "0-1"]
[WhiteTitle "GM"]
[BlackTitle "IM"]
[WhiteElo "2777"]
[BlackElo "2381"]
[WhiteFideId "2020009"]
[BlackFideId "2109450"]
[EventDate "2025.06.10"]

1. Nc3 d5 2. d4 Nf6 3. Bf4 c5 4. e3 a6 5. Nf3 Nc6 6. Ne5 cxd4 7. exd4 Qb6 8.
Nxc6 Qxc6 9. Bd3 g6 10. O-O Bg7 11. Re1 e6 12. a4 O-O 13. a5 Bd7 14. Na4 Rad8
15. c3 Ne8 16. Nc5 Bc8 17. h4 h5 18. Qf3 Nd6 19. Qg3 Nf5 20. Bxf5 exf5 21. Re3
Rfe8 22. Rae1 Rxe3 23. Qxe3 b6 24. axb6 Qxb6 25. Qe7 Bf6 26. Qc7 Qxb2 27. Bg5
Bxg5 28. hxg5 Rf8 29. Qg3 f4 30. Qxf4 Qxc3 31. Re7 a5 32. Ra7 Bf5 33. Kh2 Qb4
34. Qe5 Qb8 35. Qxb8 Rxb8 36. Rxa5 Rb4 37. Ra4 Rxa4 38. Nxa4 f6 39. f4 fxg5 40.
fxg5 Kf7 41. Kg3 Be4 42. Nc3 Ke6 43. Kh3 Kf5 44. g3 Kxg5 45. Nd1 Kf6 46. Ne3 Bf3
47. Kh2 g5 48. Kg1 Be4 49. Kf2 Kg6 50. Nf1 h4 51. gxh4 gxh4 52. Ne3 Kg5 53. Nd1
Kf4 54. Kg1 Bf3 55. Nf2 Ke3 56. Nh3 Kxd4 57. Nf4 Ke3 58. Ng6 h3 59. Ne7 d4 60.
Nf5+ Kd3 61. Kh2 Bg2 62. Kg3 Kc3 63. Nh4 d3 64. Nf5 d2 65. Ne3 Kd3 66. Nd1 Ke2
67. Nb2 d1=Q 68. Nxd1 Kxd1 69. Kh2 Ke1 70. Kg3 Kf1 71. Kh2 Ke2 72. Kg3 Ke3 73.
Kh2 Kf4 74. Kg1 Kg4 75. Kh2 Kh4 76. Kg1 Bc6 0-1

[Event "Titled Tue 10th Jun Early"]
[Site "chess.com INT"]
[Date "2025.06.10"]
[Round "3"]
[White "Movahed, Sina"]
[Black "Schmakel, Sam"]
[Result "1-0"]
[WhiteTitle "GM"]
[BlackTitle "IM"]
[WhiteElo "2544"]
[BlackElo "2456"]
[WhiteFideId "42520835"]
[BlackFideId "2039311"]
[EventDate "2025.06.10"]

1. e4 e5 2. Nf3 Nc6 3. Bb5 a6 4. Ba4 Nf6 5. O-O Be7 6. d3 b5 7. Bb3 d6 8. Bd2
O-O 9. h3 h6 10. Re1 Be6 11. Nc3 Na5 12. Nd5 Nxb3 13. Nxe7+ Qxe7 14. axb3 c5 15.
b4 Qc7 16. bxc5 dxc5 17. Ba5 Qd6 18. Qd2 Nd7 19. b3 Rfc8 20. Bc3 f6 21. Ra5 Qb6
22. Rea1 Nb8 23. Qe1 Nc6 24. R5a2 Nd4 25. Nd2 c4 26. Bxd4 Qxd4 27. bxc4 bxc4 28.
Rxa6 Rxa6 29. Rxa6 Bf7 30. Nf3 Qb2 31. d4 exd4 32. e5 fxe5 33. Qxe5 Qxc2 34.
Nxd4 Qc1+ 35. Kh2 Qg5 36. Qxg5 hxg5 37. Nf5 Kf8 38. Nd6 Rc7 39. Ra8+ Ke7 40.
Nf5+ Kf6 41. Ne3 c3 42. Ra6+ Ke7 43. Ra1 c2 44. Rc1 Bb3 45. Kg3 Rd7 46. Nxc2
Rd3+ 47. Ne3 Be6 48. Rc7+ Kf6 49. Rc5 Ra3 50. Kf3 Rb3 51. Ra5 Rc3 52. Ra6 Rb3
53. Ke4 Rb4+ 54. Kd3 Ke5 55. Ra5+ Kf6 56. Kc3 Rb3+ 57. Kd4 Rb2 58. Ra6 Ke7 59.
Ke5 Rb5+ 60. Kd4 Rb2 61. f3 Rb4+ 62. Kc5 Rb3 63. Ra7+ Kf6 64. Kd4 Rb2 65. Kd3
Rb3+ 66. Ke2 Rb2+ 67. Ke1 Ke5 68. Ra4 1-0

[Event "Titled Tue 10th Jun Early"]
[Site "chess.com INT"]
[Date "2025.06.10"]
[Round "3"]
[White "Garcia, Jhoel"]
[Black "Gattani, Sarthak"]
[Result "1-0"]
[WhiteTitle "IM"]
[WhiteElo "2293"]
[BlackElo "1944"]
[WhiteFideId "3801110"]
[BlackFideId "30995965"]
[EventDate "2025.06.10"]

1. e4 e5 2. Nf3 Nc6 3. Nc3 Nf6 4. d4 exd4 5. Nxd4 Bb4 6. Nxc6 bxc6 7. Bd3 d5 8.
exd5 cxd5 9. O-O O-O 10. Qf3 c6 11. Bg5 Be7 12. Rfe1 h6 13. Bh4 Be6 14. Ne2 Bg4
15. Qg3 Qd7 16. Nf4 g5 17. Ng6 fxg6 18. h3 Bd6 19. Qe3 Bf5 20. Bg3 Bxg3 21. fxg3
Bxd3 22. Qxd3 Kg7 23. Rf1 Rae8 24. Rf3 Ne4 25. Qd4+ Kh7 26. Raf1 Rxf3 27. Rxf3
Qe7 28. Kh2 h5 29. Ra3 Qd6 30. Rxa7+ Re7 31. Rxe7+ Qxe7 32. a4 Qc7 33. Qe3 h4
34. Kg1 Qxg3 35. Qxg3 hxg3 36. b4 Kg7 37. a5 Nd6 38. Kf1 Kf6 39. Ke2 Ke5 40. Kd3
Nb5 41. c4 dxc4+ 42. Kxc4 Kd6 43. Kd3 Kd5 44. a6 Na7 45. Kc3 Nb5+ 46. Kb3 Kd4
47. Ka4 Kc4 48. Ka5 g4 49. hxg4 g5 50. Ka4 Na7 51. Ka5 Nc8 52. Ka4 Kd4 53. b5
Kc5 54. bxc6 Kxc6 55. Kb4 Kd5 56. Kb5 Kd6 57. Kc4 Ke5 58. Kd3 Kf4 59. Kd4 Kxg4
60. Ke4 Kh4 61. Kf5 Kh5 62. Ke6 Kg6 63. Kd7 Na7 64. Kc7 Kf5 65. Kb6 Nc8+ 66. Kc7
Na7 67. Kb7 Nb5 68. Kb6 Nd6 69. Kc6 Nc8 70. Kb7 1-0

[Event "Titled Tue 10th Jun Early"]
[Site "chess.com INT"]
[Date "2025.06.10"]
[Round "3"]
[White "Goldbeck, Lars"]
[Black "Madhesh Kumar S"]
[Result "1/2-1/2"]
[WhiteTitle "FM"]
[BlackTitle "CM"]
[WhiteElo "2391"]
[BlackElo "2243"]
[WhiteFideId "16208188"]
[BlackFideId "25168649"]
[EventDate "2025.06.10"]

1. e4 e5 2. Nc3 Nf6 3. f4 d5 4. fxe5 Nxe4 5. Qf3 Nxc3 6. dxc3 Be6 7. Bf4 c5 8.
O-O-O Nc6 9. Bc4 d4 10. Bxe6 fxe6 11. Ne2 Be7 12. cxd4 cxd4 13. Qg4 Qd5 14. Qxg7
O-O-O 15. Kb1 Rdg8 16. Qh6 Rxg2 17. Rhe1 Nb4 18. b3 Nxc2 19. Kxc2 Qe4+ 20. Kb2
Rxe2+ 21. Rxe2 Qxe2+ 22. Rd2 Qg4 23. Rxd4 Kb8 24. Rc4 Qf5 25. Qg7 Re8 26. Qg2 a6
27. Qd2 Rd8 28. Qc2 Qxc2+ 29. Rxc2 Rf8 30. Bg3 Rf5 31. Kc3 h5 32. Kd4 h4 33. Bf2
Bd8 34. Ke4 Bg5 35. Be3 Bxe3 36. Kxe3 Rxe5+ 37. Kf4 Rh5 38. Kg4 Rh6 39. Rc4 b5
40. Rc6 Kb7 41. Rd6 a5 42. Kg5 Rh8 43. Rxe6 a4 44. bxa4 bxa4 45. Re4 Ra8 46.
Rb4+ Kc6 47. Kxh4 Kc5 48. a3 Rh8+ 49. Kg3 Rg8+ 50. Kf3 Rf8+ 51. Ke3 Rh8 52. Rxa4
Rh3+ 53. Kd2 Rxh2+ 54. Kc3 Rh3+ 55. Kb2 Kb5 56. Rb4+ Ka5 57. Rb3 Rh2+ 58. Kc3
Rh4 59. Rb4 Rh2 60. Kb3 Rg2 61. Ra4+ Kb5 62. Rb4+ Kc5 63. Rc4+ Kd5 64. Rc3 Rg4
65. a4 Kd6 66. Rc4 Rg3+ 67. Kb4 Rg1 68. a5 Rb1+ 69. Ka4 Kd7 70. Rb4 Rxb4+ 71.
Kxb4 Kc6 72. a6 Kb6 73. a7 Kxa7 1/2-1/2